| 000 | 00440nam a2200157 a 4500 | ||
|---|---|---|---|
| 001 | 2245 | ||
| 003 | CDMR | ||
| 005 | 20130318105923.0 | ||
| 008 | 130130s2006||||||||||||||||||||||||||||d | ||
| 040 |
_aCDMR _bcat _cCPC LLEIDA |
||
| 110 | 2 |
_aAsociación de la Prensa de Madrid _987 |
|
| 245 | 1 | 3 |
_aLa prensa frente al poder _cAsociación de la Prensa de Madrid |
| 260 |
_aMadrid _c2006 _bAPM |
||
| 490 | 0 | _aCuadernos de Periodistas | |
| 942 |
_cMON _2udc |
||
| 999 |
_c2245 _d2245 |
||